[Event "January TNT"]
[Site "Winnipeg CAN"]
[Date "2002.01.15"]
[Round "2"]
[White "Gibbons, Lorne"]
[Black "Weijs, Harry"]
[Result "0-1"]
[WhiteElo "1289"]
[BlackElo "1496"]
[PlyCount "40"]
[EventDate "2002.01.08"]
[EventType "swiss"]
[EventRounds "4"]
[EventCountry "CAN"]

1. d4 f5 2. c4 Nf6 3. Nc3 e6 4. Bf4 Bb4 5. Qb3 Nc6 6. e3 Qe7 7. Bd3 d5 8. Nge2
Na5 9. Qc2 dxc4 10. Bxc4 Nxc4 11. a3 Bxc3+ 12. Qxc3 Nd6 13. O-O O-O 14. Rac1
Nd5 15. Bxd6 cxd6 16. Qc4 Bd7 17. Qb3 Bc6 18. Rc2 Qe8 19. Nc3 Qg6 20. Nd1 Nf4
0-1

[Event "January TNT"]
[Site "Winnipeg CAN"]
[Date "2002.01.15"]
[Round "2"]
[White "Khedkar, Jay"]
[Black "Greenberg, Harley"]
[Result "1-0"]
[WhiteElo "2064"]
[BlackElo "1756"]
[PlyCount "29"]
[EventDate "2002.01.08"]
[EventType "swiss"]
[EventRounds "4"]
[EventCountry "CAN"]

1. e4 c5 2. Nf3 e6 3. Nc3 d5 4. exd5 exd5 5. Bb5+ Bd7 6. Qe2+ Ne7 7. d4 c4 8.
O-O a6 9. Bxd7+ Nxd7 10. Nxd5 Rc8 11. Re1 Nb6 12. Nxb6 Qxb6 13. Bf4 f6 14. d5
Kf7 15. d6 1-0

[Event "January TNT"]
[Site "Winnipeg CAN"]
[Date "2002.01.15"]
[Round "2"]
[White "Rist, Joshua"]
[Black "Brandson, Doug"]
[Result "0-1"]
[WhiteElo "1414"]
[BlackElo "1547"]
[PlyCount "108"]
[EventDate "2002.01.08"]
[EventType "swiss"]
[EventRounds "4"]
[EventCountry "CAN"]

1. d4 Nf6 2. c4 g6 3. g3 Bg7 4. Bg2 O-O 5. Nf3 d6 6. O-O Nbd7 7. Nc3 e5 8. e3
c6 9. b3 Ne8 10. Ba3 f5 11. dxe5 Nxe5 12. Nxe5 Bxe5 13. Qd3 Qa5 14. Bb2 Nc7 15.
Na4 Bxb2 16. Nxb2 d5 17. cxd5 Nxd5 18. Nc4 Qd8 19. Rfd1 Be6 20. Rd2 Nb4 21. Qc3
Qf6 22. Qxf6 Rxf6 23. Nd6 Bd5 24. Nxb7 Rb8 25. Nc5 Be6 26. a3 Nd5 27. Nxe6 Rxe6
28. Bxd5 cxd5 29. Rxd5 Rxb3 30. Rd8+ Kf7 31. Rd7+ Re7 32. Rxe7+ Kxe7 33. Ra2 h6
34. Kg2 Ke6 35. Kf3 Ke5 36. h3 g5 37. Ke2 f4 38. Kf3 h5 39. gxf4+ gxf4 40. Ke2
fxe3 41. fxe3 Ke4 42. a4 Rxe3+ 43. Kf2 Rxh3 44. Re2+ Kf4 45. Re7 Rh2+ 46. Kg1
Kg3 47. Rg7+ Kh3 48. Rxa7 Ra2 49. a5 Kg3 50. Kf1 h4 51. a6 h3 52. Rg7+ Kf3 53.
Rf7+ Ke3 54. a7 Ra1# 0-1

[Event "January TNT"]
[Site "Winnipeg CAN"]
[Date "2002.01.15"]
[Round "2"]
[White "Tetrault, Charles"]
[Black "Curtis, Rory"]
[Result "1/2-1/2"]
[WhiteElo "1592"]
[BlackElo "1793"]
[PlyCount "55"]
[EventDate "2002.01.08"]
[EventType "swiss"]
[EventRounds "4"]
[EventCountry "CAN"]

1. e4 c5 2. Nf3 a6 3. d4 cxd4 4. Nxd4 e5 5. Nb3 Nf6 6. Nc3 Bb4 7. Bg5 O-O 8.
Be2 Qc7 9. Bxf6 Bxc3+ 10. bxc3 Qxc3+ 11. Qd2 Qxd2+ 12. Nxd2 gxf6 13. O-O b5 14.
Nb3 Nc6 15. Rfd1 Nd8 16. Nc5 Ra7 17. Rd6 Ne6 18. Nxe6 dxe6 19. a4 Rd7 20. Rxd7
Bxd7 21. Rd1 Bc6 22. f3 bxa4 23. Rd6 Bb7 24. Bxa6 Bxa6 25. Rxa6 Rc8 26. Rxa4
Rxc2 27. Ra6 h5 28. h4 1/2-1/2

[Event "January TNT"]
[Site "Winnipeg CAN"]
[Date "2002.01.22"]
[Round "3"]
[White "Brandson, Doug"]
[Black "Tetrault, Claude"]
[Result "1-0"]
[WhiteElo "1547"]
[BlackElo "1495"]
[PlyCount "77"]
[EventDate "2002.01.08"]
[EventType "swiss"]
[EventRounds "4"]
[EventCountry "CAN"]

1. d4 d5 2. c4 e6 3. Nf3 Nf6 4. Bg5 c5 5. Nc3 Nbd7 6. e3 Qa5 7. Bd3 cxd4 8.
exd4 dxc4 9. Bxc4 Ne4 10. Qc1 Bb4 11. O-O Nxc3 12. bxc3 Bxc3 13. Rb1 Bb4 14.
Qb2 Bd6 15. d5 f6 16. dxe6 Ne5 17. Bb5+ Nc6 18. Bxf6 gxf6 19. Qxf6 Rf8 20. Qg5
Qc7 21. Rfe1 Qe7 22. Qh5+ Kd8 23. Rbd1 Kc7 24. Bxc6 bxc6 25. Qa5+ Kb8 26. Rb1+
Bb7 27. Nd4 Kc8 28. Nf5 Qc7 29. Nxd6+ Qxd6 30. e7 Re8 31. Qf5+ Kc7 32. Qa5+ Kc8
33. Rbd1 Qc7 34. Qf5+ Kb8 35. Rd7 Bc8 36. Rb1+ Bb7 37. Rxc7 Kxc7 38. Qe5+ Kc8
39. Qd6 1-0

[Event "January TNT"]
[Site "Winnipeg CAN"]
[Date "2002.01.22"]
[Round "3"]
[White "Curtis, Rory"]
[Black "Wasney, Mark"]
[Result "0-1"]
[WhiteElo "1793"]
[BlackElo "1611"]
[PlyCount "62"]
[EventDate "2002.01.08"]
[EventType "swiss"]
[EventRounds "4"]
[EventCountry "CAN"]

1. d4 Nf6 2. c4 e6 3. Nf3 c5 4. d5 exd5 5. cxd5 d6 6. Nc3 g6 7. e4 Bg7 8. h3
O-O 9. Bd3 a6 10. a4 Re8 11. O-O Qc7 12. Bf4 Nbd7 13. Qd2 c4 14. Bc2 Rb8 15.
Nd4 Nc5 16. Rfe1 Bd7 17. b4 cxb3 18. Nxb3 Nh5 19. Bxd6 Qxd6 20. Rac1 Rbc8 21.
Na5 Qf8 22. d6 Bh6 23. Qd4 Bxc1 24. Rxc1 Qg7 25. e5 Rxe5 26. Nd5 Re1+ 27. Rxe1
Qxd4 28. Ne7+ Kg7 29. Nxc8 Bxc8 30. Re8 Bd7 31. Re7 Qxd6 0-1

[Event "January TNT"]
[Site "Winnipeg CAN"]
[Date "2002.01.22"]
[Round "3"]
[White "Remillard, John"]
[Black "Czypinski, Jaroslaw"]
[Result "0-1"]
[WhiteElo "1599"]
[BlackElo "1942"]
[PlyCount "80"]
[EventDate "2002.01.08"]
[EventType "swiss"]
[EventRounds "4"]
[EventCountry "CAN"]

1. c4 e6 2. g3 Nf6 3. Bg2 d5 4. Nc3 Be7 5. d4 O-O 6. c5 c6 7. e4 Nxe4 8. Nxe4
dxe4 9. Bxe4 Nd7 10. Qc2 Nf6 11. Nf3 Nxe4 12. Qxe4 Qd5 13. Qxd5 exd5 14. O-O
Bf6 15. Bd2 Re8 16. Rfe1 Bf5 17. Rxe8+ Rxe8 18. Re1 Rxe1+ 19. Bxe1 Kf8 20. a4
Ke7 21. Ne5 Ke6 22. f4 Bd8 23. g4 Bc2 24. f5+ Ke7 25. Bh4+ f6 26. g5 Bxf5 27.
gxf6+ gxf6 28. b4 Ke6 29. b5 fxe5 30. Bxd8 cxb5 31. axb5 exd4 32. Bc7 d3 33.
Kf2 d2 34. Ke2 Bd3+ 35. Kxd2 Bxb5 36. Ba5 d4 37. Kc2 Kd5 38. Bb4 Kc4 39. Ba3 h6
40. h4 h5 0-1

[Event "January TNT"]
[Site "Winnipeg CAN"]
[Date "2002.01.22"]
[Round "3"]
[White "Schulz, Waldemar"]
[Black "Khedkar, Jay"]
[Result "1/2-1/2"]
[WhiteElo "2034"]
[BlackElo "2064"]
[PlyCount "44"]
[EventDate "2002.01.08"]
[EventType "swiss"]
[EventRounds "4"]
[EventCountry "CAN"]

1. d4 d5 2. c4 e6 3. Nc3 Nf6 4. Nf3 Be7 5. Bg5 O-O 6. e3 Nbd7 7. Qc2 c6 8. Rc1
h6 9. Bh4 b6 10. Be2 Bb7 11. O-O Rc8 12. Rfd1 dxc4 13. Bxc4 Nd5 14. Bxe7 Qxe7
15. Qe2 Nxc3 16. Rxc3 c5 17. Ba6 Rc7 18. Bxb7 Rxb7 19. Qc2 Rc7 20. Rc1 Rfc8 21.
Qa4 Nf6 22. Qa3 Nd5 1/2-1/2

[Event "January TNT"]
[Site "Winnipeg CAN"]
[Date "2002.01.22"]
[Round "4"]
[White "Haapamaki, Eric"]
[Black "Tetrault, Charles"]
[Result "1-0"]
[WhiteElo "1780"]
[BlackElo "1592"]
[PlyCount "43"]
[EventDate "2002.01.08"]
[EventType "swiss"]
[EventRounds "4"]
[EventCountry "CAN"]

1. e4 c5 2. Nf3 d6 3. d4 cxd4 4. Nxd4 Nf6 5. Nc3 Nc6 6. Bc4 Qb6 7. Nb3 Bg4 8.
f3 Bd7 9. Qe2 Ne5 10. Be3 Qc7 11. Bd3 Nxd3+ 12. cxd3 e6 13. Rc1 Bc6 14. d4 Qd7
15. O-O Be7 16. Kh1 O-O 17. g4 h6 18. Rg1 Nh7 19. d5 Ba4 20. Nd4 Qe8 21. dxe6
fxe6 22. Nxe6 1-0

[Event "January TNT"]
[Site "Winnipeg CAN"]
[Date "2002.01.22"]
[Round "4"]
[White "Proulx, Roy"]
[Black "Remillard, John"]
[Result "1-0"]
[WhiteElo "1709"]
[BlackElo "1599"]
[PlyCount "75"]
[EventDate "2002.01.08"]
[EventType "swiss"]
[EventRounds "4"]
[EventCountry "CAN"]

1. d4 d5 2. Nf3 g6 3. e3 Nf6 4. Bd3 c5 5. c3 c4 6. Bc2 Bg7 7. O-O O-O 8. Nbd2
b5 9. e4 e6 10. e5 Nfd7 11. Re1 f6 12. exf6 Nxf6 13. Ne5 Qe8 14. Ndf3 Nc6 15.
a4 Nxe5 16. Nxe5 Nd7 17. Nc6 Nb8 18. Nxb8 Rxb8 19. axb5 Qf7 20. Be3 Rxb5 21.
Ra2 Qb7 22. Bc1 Qf7 23. Qe2 Rb7 24. g3 Re7 25. Bf4 e5 26. dxe5 Bxe5 27. Be3 d4
28. cxd4 Bxd4 29. Qd2 c3 30. Qxd4 Qxa2 31. Qxc3 Qa6 32. Bb3+ Be6 33. Bc5 Rc8
34. Rxe6 Rxe6 35. Qe5 Kf7 36. Qf4+ Kg8 37. Qf6 Rce8 38. Bd4 1-0

[Event "January TNT"]
[Site "Winnipeg CAN"]
[Date "2002.01.22"]
[Round "4"]
[White "Rutter, Blair"]
[Black "Brandson, Doug"]
[Result "1-0"]
[WhiteElo "1506"]
[BlackElo "1547"]
[PlyCount "33"]
[EventDate "2002.01.08"]
[EventType "swiss"]
[EventRounds "4"]
[EventCountry "CAN"]

1. d4 Nf6 2. c4 g6 3. Nc3 Bg7 4. Nf3 d6 5. e3 O-O 6. b4 e5 7. Be2 Nc6 8. b5 Ne7
9. Rb1 Nd7 10. Bb2 f5 11. Ng5 Nf6 12. c5 c6 13. dxe5 Ne4 14. Ncxe4 fxe4 15.
cxd6 Nf5 16. Qb3+ Kh8 17. Nf7+ 1-0

[Event "January TNT"]
[Site "Winnipeg CAN"]
[Date "2002.01.22"]
[Round "4"]
[White "Trueman, Francis"]
[Black "Greenberg, Harley"]
[Result "0-1"]
[WhiteElo "1434"]
[BlackElo "1756"]
[PlyCount "78"]
[EventDate "2002.01.08"]
[EventType "swiss"]
[EventRounds "4"]
[EventCountry "CAN"]

1. Nf3 d5 2. d3 Nf6 3. Nbd2 g6 4. g3 Bg7 5. Bg2 O-O 6. O-O c5 7. c3 Nc6 8. Re1
e5 9. h4 e4 10. dxe4 dxe4 11. Ng5 e3 12. fxe3 Nh5 13. Nf1 Qc7 14. Qd5 Nxg3 15.
Ne4 Nxe4 16. Qxe4 Bf5 17. Qf3 Rad8 18. e4 Ne5 19. Qg3 Be6 20. Bf4 c4 21. Ne3
Qc5 22. Kh1 Nd7 23. Bd6 Be5 24. Bxc5 Bxg3 25. Bxf8 Bxe1 26. Rxe1 Nxf8 27. Nd5
Kg7 28. Rd1 Bg4 29. Rd4 Bxe2 30. Nf4 Rxd4 31. cxd4 Bd3 32. Nxd3 cxd3 33. Kg1
Ne6 34. d5 Nd4 35. Kf1 d2 36. Bf3 Nxf3 37. Ke2 Kf8 38. d6 Nxh4 39. Kxd2 Ke8 0-1

[Event "January TNT"]
[Site "Winnipeg CAN"]
[Date "2002.01.29"]
[Round "4"]
[White "Wasney, Mark"]
[Black "Schulz, Waldemar"]
[Result "0-1"]
[WhiteElo "1611"]
[BlackElo "2034"]
[PlyCount "82"]
[EventDate "2002.01.08"]
[EventType "swiss"]
[EventRounds "4"]
[EventCountry "CAN"]

1. e4 c5 2. Nf3 e6 3. d4 cxd4 4. Nxd4 Nf6 5. Nc3 d6 6. g4 Nc6 7. g5 Nd7 8. Be3
a6 9. Qd2 Be7 10. h4 Qc7 11. O-O-O Nxd4 12. Bxd4 Ne5 13. Qe2 O-O 14. f4 Nc6 15.
Be3 Re8 16. Qf2 b5 17. Bg2 Rb8 18. h5 Bf8 19. g6 Qe7 20. gxh7+ Kh8 21. Bf3 Bb7
22. Ne2 Rbc8 23. Nd4 Nxd4 24. Bxd4 e5 25. fxe5 dxe5 26. Be3 Qe6 27. Kb1 Rc4 28.
Rd2 Bxe4 29. Bxe4 Rxe4 30. Rhd1 Rc4 31. Rd8 Rc8 32. R8d7 Be7 33. Bb6 Rc6 34.
Rb7 Rd6 35. Rf1 Qd5 36. Qe2 Qxb7 37. Bc5 Rf6 38. Bf2 Qd5 39. Rg1 Rxf2 40. Qg4
Bf6 41. Qg3 Qf3 0-1

[Event "January op"]
[Site "Calgary CAN"]
[Date "2002.01.12"]
[Round "1"]
[White "Boehmer, Kris"]
[Black "MacFie, Bob"]
[Result "1-0"]
[WhiteElo "2149"]
[BlackElo "1691"]
[PlyCount "91"]
[EventDate "2002.01.12"]
[EventType "swiss"]
[EventRounds "5"]
[EventCountry "CAN"]

1. c4 d6 2. Nc3 f5 3. e4 Nf6 4. Bd3 g6 5. exf5 gxf5 6. Nge2 Nc6 7. Ng3 e6 8.
Bc2 Nd4 9. Ba4+ Bd7 10. d3 Bxa4 11. Nxa4 c5 12. Nc3 Qd7 13. Be3 Nc6 14. Bg5 Bg7
15. Nce2 O-O 16. Qd2 Qf7 17. O-O Rfe8 18. Rfe1 Nd7 19. Nc3 Nb6 20. Nb5 Nc8 21.
Bh6 a6 22. Qg5 Qg6 23. Qxg6 hxg6 24. Nc7 Nb6 25. Bxg7 Kxg7 26. Nxa8 Nxa8 27.
Ne2 Nc7 28. h4 b5 29. Rad1 e5 30. f4 Re6 31. Kf2 bxc4 32. dxc4 e4 33. g4 Nb4
34. Nc1 Nc2 35. gxf5 e3+ 36. Kf3 Nxe1+ 37. Rxe1 gxf5 38. Rxe3 Rxe3+ 39. Kxe3
Kh6 40. Ne2 Ne6 41. b3 Kg6 42. Kf3 Kh6 43. Nc3 Nc7 44. a3 Kh5 45. Kg3 Kg6 46.
b4 1-0

[Event "January op"]
[Site "Calgary CAN"]
[Date "2001.01.12"]
[Round "2"]
[White "Weis, Rod"]
[Black "Kaminski, Victor"]
[Result "1-0"]
[WhiteElo "1833"]
[BlackElo "1304"]
[PlyCount "95"]
[EventDate "2002.01.12"]
[EventType "swiss"]
[EventRounds "5"]
[EventCountry "CAN"]

1. e4 e6 2. d4 d5 3. Nd2 Nf6 4. e5 Nfd7 5. Bd3 c5 6. c3 b6 7. Ne2 Ba6 8. Bxa6
Nxa6 9. O-O Nc7 10. f4 g6 11. Nf3 h5 12. Kh1 Be7 13. Be3 O-O 14. Rc1 Ne8 15.
Qe1 Ng7 16. Bf2 Nf5 17. Ng3 Nxg3+ 18. Bxg3 cxd4 19. cxd4 Rc8 20. Qf2 b5 21. Bh4
Bxh4 22. Qxh4 Qxh4 23. Nxh4 Nb6 24. b3 Rxc1 25. Rxc1 Rc8 26. Rc5 Kf8 27. h3 a6
28. g4 hxg4 29. hxg4 Ke7 30. Rxc8 Nxc8 31. Kg2 Na7 32. Nf3 Nc6 33. Kf2 Nb4 34.
a3 Nc2 35. a4 bxa4 36. bxa4 Na3 37. Nd2 a5 38. Ke2 Kd7 39. Kd3 Nc4 40. Nxc4
dxc4+ 41. Kxc4 Kc6 42. Kc3 Kd7 43. Kd3 Kc7 44. Ke4 Kc6 45. g5 Kb6 46. d5 exd5+
47. Kxd5 Kc7 48. e6 1-0

[Event "January op"]
[Site "Calgary CAN"]
[Date "2002.01.12"]
[Round "3"]
[White "MacFie, Bob"]
[Black "McKay, Tom"]
[Result "1/2-1/2"]
[WhiteElo "1691"]
[BlackElo "1495"]
[PlyCount "90"]
[EventDate "2002.01.12"]
[EventType "swiss"]
[EventRounds "5"]
[EventCountry "CAN"]

1. f4 Nf6 2. Nf3 g6 3. b3 d5 4. e3 Bg7 5. Bb2 O-O 6. Be2 c5 7. d3 Nc6 8. O-O
Re8 9. Ne5 Nxe5 10. Bxe5 a6 11. c4 e6 12. g4 b5 13. cxb5 axb5 14. d4 Qb6 15.
dxc5 Qxc5 16. Bd4 Qc6 17. Nc3 Ba6 18. Rc1 Qd7 19. b4 Rec8 20. Qd3 Rc4 21. Bc5
Rc8 22. Qd1 Ne4 23. Nxe4 Rxe4 24. Bd3 Rxc5 25. Bxe4 Rxc1 26. Qxc1 dxe4 27. Rd1
Qe7 28. Qc6 Qh4 29. Qe8+ Bf8 30. Rd8 Qxg4+ 31. Kf2 Qf3+ 32. Kg1 Qxe3+ 33. Kf1
Qf3+ 34. Kg1 Qg4+ 35. Kh1 Qf3+ 36. Kg1 Qe3+ 37. Kg2 Qe2+ 38. Kh3 Qf3+ 39. Kh4
Qxf4+ 40. Kh3 Qh6+ 41. Kg3 e3 42. Rd7 Qg7 43. Kf3 h5 44. Kxe3 Qc3+ 45. Kf2 Qf6+
1/2-1/2

[Event "January op"]
[Site "Calgary CAN"]
[Date "2002.01.13"]
[Round "4"]
[White "Boehmer, Kris"]
[Black "Anderson, Ashton"]
[Result "1-0"]
[WhiteElo "2149"]
[BlackElo "1829"]
[PlyCount "81"]
[EventDate "2002.01.12"]
[EventType "swiss"]
[EventRounds "5"]
[EventCountry "CAN"]

1. c4 Nf6 2. Nc3 g6 3. g3 Bg7 4. Bg2 O-O 5. d4 c6 6. e4 d6 7. Nge2 Nbd7 8. O-O
Qc7 9. h3 e5 10. Be3 Re8 11. Qc2 exd4 12. Nxd4 Nc5 13. b4 Ne6 14. Rad1 Nxd4 15.
Bxd4 Be6 16. Qd3 Rad8 17. f4 c5 18. Nb5 Qe7 19. Bc3 a6 20. Nxd6 cxb4 21. Bxb4
b5 22. cxb5 axb5 23. Nxe8 Qa7+ 24. Kh2 Rxd3 25. Nxf6+ Bxf6 26. Rxd3 Bc4 27.
Rfd1 Bxd3 28. Rxd3 Be7 29. Ra3 Qd7 30. Ra8+ Kg7 31. Bc3+ f6 32. e5 fxe5 33. Rb8
Qd3 34. Bxe5+ Kf7 35. Rb7 h5 36. h4 Qd8 37. Rxb5 Bxh4 38. Bd5+ Ke8 39. Rb8 Qxb8
40. Bxb8 Bd8 41. Kg2 1-0

[Event "January op"]
[Site "Calgary CAN"]
[Date "2002.01.13"]
[Round "4"]
[White "Demers, Chris"]
[Black "Nguyen, Kim"]
[Result "1-0"]
[WhiteElo "2251"]
[BlackElo "2002"]
[PlyCount "53"]
[EventDate "2002.01.12"]
[EventType "swiss"]
[EventRounds "5"]
[EventCountry "CAN"]

1. e4 c5 2. Nc3 Nc6 3. Nge2 Nd4 4. d3 g6 5. Nd5 e6 6. Ne3 Bg7 7. c3 Nxe2 8.
Bxe2 Ne7 9. Qb3 Qc7 10. O-O Nc6 11. f4 Rb8 12. f5 b5 13. a3 Ba6 14. Qc2 Ne5 15.
b4 cxb4 16. axb4 Rb6 17. d4 Nc6 18. Qd3 Bf8 19. Bd2 gxf5 20. exf5 Bd6 21. Bh5
Nd8 22. Ng4 Be7 23. Ne5 Bb7 24. Qg3 exf5 25. Rxf5 Bd5 26. Nxf7 Nxf7 27. Qxc7
1-0

[Event "January op"]
[Site "Calgary CAN"]
[Date "2002.01.13"]
[Round "5"]
[White "Anderson, Ashton"]
[Black "Chapman, James"]
[Result "1-0"]
[WhiteElo "1829"]
[BlackElo "1508"]
[PlyCount "55"]
[EventDate "2002.01.12"]
[EventType "swiss"]
[EventRounds "5"]
[EventCountry "CAN"]

1. e4 c5 2. Nf3 Nc6 3. Bb5 Qc7 4. O-O d6 5. Re1 Bd7 6. c3 e5 7. d4 a6 8. Bf1
Nf6 9. Bg5 Be7 10. Nbd2 b5 11. h3 cxd4 12. cxd4 exd4 13. Nb3 h6 14. Bxf6 Bxf6
15. Nbxd4 Qb6 16. Nxc6 Qxc6 17. Rc1 Qb6 18. e5 dxe5 19. Nxe5 Be6 20. Rc6 Qa5
21. Ng6 Rd8 22. Qe2 Rd2 23. Rxe6+ fxe6 24. Qxe6+ Kd8 25. Nxh8 Rxb2 26. Qd6+ Kc8
27. Rc1+ Kb7 28. Qd7+ 1-0

[Event "January op"]
[Site "Calgary CAN"]
[Date "2002.01.13"]
[Round "5"]
[White "Kaminski, Victor"]
[Black "Clark, Chris"]
[Result "1-0"]
[WhiteElo "1304"]
[BlackElo "1493"]
[PlyCount "65"]
[EventDate "2002.01.12"]
[EventType "swiss"]
[EventRounds "5"]
[EventCountry "CAN"]

1. e4 c5 2. Nf3 e6 3. d4 Qc7 4. g3 cxd4 5. Nxd4 a6 6. a3 b5 7. Nc3 Bb7 8. Bg2
d6 9. O-O Nf6 10. Be3 Be7 11. Kh1 O-O 12. f4 Rd8 13. f5 e5 14. Nb3 Nc6 15. g4
g6 16. Rg1 Ne8 17. g5 Rd7 18. h4 Bf8 19. Nd5 Qd8 20. h5 Ne7 21. Nb6 d5 22. Nxd7
Qxd7 23. Nc5 Qc8 24. Nxb7 Qxb7 25. f6 Nc8 26. Qxd5 Qb8 27. Bh3 Ncd6 28. Bf5
gxf5 29. g6 hxg6 30. hxg6 Qb7 31. gxf7+ Kh7 32. fxe8=Q Qxd5 33. Qh5+ 1-0

[Event "Jean-Pierre-Roy mem"]
[Site "Hull CAN"]
[Date "2002.09.10"]
[Round "1"]
[White "Laurin, Jacques"]
[Black "Groleau, Gilles"]
[Result "1-0"]
[WhiteElo "1909"]
[BlackElo "2125"]
[PlyCount "87"]
[EventDate "2002.09.10"]
[EventType "tourn"]
[EventRounds "5"]
[EventCountry "CAN"]

1. c4 Nf6 2. Nc3 c5 3. g3 Nc6 4. Bg2 e6 5. d3 Be7 6. e4 d6 7. Nf3 a6 8. O-O Qc7
9. Re1 O-O 10. Bf4 e5 11. Bg5 Be6 12. Nd5 Bxd5 13. exd5 Nd4 14. Nxd4 cxd4 15.
Rc1 Rfe8 16. b4 Qd7 17. Bxf6 Bxf6 18. c5 Rac8 19. c6 Qc7 20. Bh3 Rcd8 21. Qa4
g6 22. Bd7 Re7 23. Qa5 Qxa5 24. bxa5 Rexd7 25. cxd7 Rxd7 26. Rc8+ Bd8 27. Rb1
Kg7 28. Rb8 Bxa5 29. R1xb7 Rxb7 30. Rxb7 Kf6 31. Ra7 e4 32. dxe4 d3 33. Kf1 Ke5
34. Rxa6 Bb4 35. Ra4 Bc5 36. f4+ Kf6 37. Rc4 d2 38. Ke2 Bg1 39. h3 Bh2 40. Rc3
g5 41. fxg5+ Kxg5 42. Kxd2 Kf6 43. Ke2 Ke5 44. Kf2 1-0

[Event "Jean-Pierre-Roy mem"]
[Site "Hull CAN"]
[Date "2002.09.10"]
[Round "1"]
[White "Laurin, Marcel"]
[Black "Brousseau, Yvan"]
[Result "1-0"]
[WhiteElo "1766"]
[BlackElo "1916"]
[PlyCount "89"]
[EventDate "2002.09.10"]
[EventType "tourn"]
[EventRounds "5"]
[EventCountry "CAN"]

1. d4 Nf6 2. c4 d5 3. Nc3 e6 4. a3 Be7 5. Nf3 O-O 6. Qc2 Nc6 7. Bf4 a6 8. e3
Re8 9. Bd3 Bf8 10. Bg5 dxc4 11. Bxh7+ Kh8 12. Be4 Na5 13. Qe2 Be7 14. Ne5 Kg8
15. Bxf6 Bxf6 16. Bh7+ Kf8 17. Nxf7 Kxf7 18. Qh5+ Ke7 19. Qxa5 Rb8 20. Bg6 Rh8
21. Qb4+ Qd6 22. Qxc4 b5 23. Qd3 Rxh2 24. Ke2 Bb7 25. Rxh2 Qxh2 26. Be4 Bxe4
27. Qxe4 Qh5+ 28. g4 Qg5 29. Rh1 Kf7 30. Rh5 Qg6 31. Qxg6+ Kxg6 32. Ne4 Be7 33.
Nc5 Rb6 34. Nd7 Rd6 35. Ne5+ Kf6 36. Rh3 Rd5 37. Rf3+ Kg5 38. Rh3 c5 39. f4+
Kf6 40. e4 Rxe5 41. fxe5+ Kg5 42. d5 Kf4 43. d6 Bg5 44. Rh5 Kxg4 45. Rxg5+ 1-0

[Event "Jean-Pierre-Roy mem"]
[Site "Hull CAN"]
[Date "2002.09.10"]
[Round "1"]
[White "Thomann, Olivier"]
[Black "Lavergne, Daniel"]
[Result "1-0"]
[WhiteElo "1842"]
[BlackElo "1854"]
[PlyCount "45"]
[EventDate "2002.09.10"]
[EventType "tourn"]
[EventRounds "5"]
[EventCountry "CAN"]

1. e4 g6 2. d4 Bg7 3. Bc4 c6 4. Nf3 d5 5. exd5 cxd5 6. Bb3 Nc6 7. c3 Bg4 8. h3
Bf5 9. Bf4 h5 10. Nbd2 Nf6 11. O-O O-O 12. Ne5 Be4 13. Re1 Rc8 14. Ndf3 Nh7 15.
Qd2 Kh8 16. Bh6 f6 17. Nxc6 bxc6 18. Nh4 Qe8 19. f3 Bf5 20. g4 Bd7 21. Rxe7
Bxh6 22. Qxh6 Rg8 23. Qxh7# 1-0

[Event "Jean-Pierre-Roy mem"]
[Site "Hull CAN"]
[Date "2002.09.17"]
[Round "2"]
[White "Brousseau, Yvan"]
[Black "Groleau, Gilles"]
[Result "0-1"]
[WhiteElo "1916"]
[BlackElo "2125"]
[PlyCount "114"]
[EventDate "2002.09.10"]
[EventType "tourn"]
[EventRounds "5"]
[EventCountry "CAN"]

1. d4 Nf6 2. c4 e6 3. Nc3 Bb4 4. Bd2 O-O 5. e3 c5 6. a3 Bxc3 7. Bxc3 Ne4 8. Bd3
Nxc3 9. bxc3 cxd4 10. exd4 d5 11. Nf3 Nc6 12. O-O b6 13. Re1 Bb7 14. Qb1 g6 15.
c5 Rb8 16. cxb6 Ba8 17. Qc1 Rxb6 18. Qh6 Qf6 19. Rab1 Rfb8 20. Rxb6 Rxb6 21.
Rb1 Rxb1+ 22. Bxb1 Bb7 23. Bd3 Qg7 24. Qf4 f6 25. Bb5 Qe7 26. h3 g5 27. Qe3 Nd8
28. Qc1 Bc6 29. Bxc6 Nxc6 30. c4 dxc4 31. Qxc4 Qd6 32. Kf1 Kg7 33. Qc5 Qxc5 34.
dxc5 Kf7 35. Ke2 Ke7 36. Kd3 Kd7 37. Kc4 a6 38. Nd2 Ne5+ 39. Kd4 Kc6 40. a4 Ng6
41. g3 e5+ 42. Kc4 f5 43. Nb3 Ne7 44. Na5+ Kc7 45. Nb3 Kd7 46. Nc1 Ke6 47. Nd3
Nc6 48. Nb4 Nxb4 49. Kxb4 Kd5 50. Ka5 Kxc5 51. Kxa6 Kc6 52. Ka5 Kc5 53. Ka6 f4
54. gxf4 gxf4 55. Kb7 Kb4 56. Kc6 e4 57. a5 Kxa5 0-1

[Event "Jean-Pierre-Roy mem"]
[Site "Hull CAN"]
[Date "2002.09.17"]
[Round "2"]
[White "Laurin, Marcel"]
[Black "Thomann, Olivier"]
[Result "0-1"]
[WhiteElo "1766"]
[BlackElo "1842"]
[PlyCount "55"]
[EventDate "2002.09.10"]
[EventType "tourn"]
[EventRounds "5"]
[EventCountry "CAN"]

1. d4 d5 2. c4 c6 3. Nc3 Nf6 4. Nf3 Bf5 5. Bf4 dxc4 6. Ne5 e6 7. Nxc4 Be7 8. f3
Nd5 9. Bxb8 Rxb8 10. e4 Nxc3 11. bxc3 Bg6 12. Bd3 O-O 13. O-O c5 14. e5 cxd4
15. Bxg6 hxg6 16. cxd4 b5 17. Ne3 Qb6 18. Qd3 Rfd8 19. Rad1 Rd7 20. Kh1 Rbd8
21. d5 Bc5 22. Ng4 Rxd5 23. Qe2 Qa5 24. Rb1 b4 25. f4 Rd2 26. Qf3 Qxa2 27. Qh3
R8d3 28. Rbc1 0-1

[Event "Jean-Pierre-Roy mem"]
[Site "Hull CAN"]
[Date "2002.09.17"]
[Round "2"]
[White "Lavergne, Daniel"]
[Black "Laurin, Jacques"]
[Result "1-0"]
[WhiteElo "1854"]
[BlackElo "1909"]
[PlyCount "57"]
[EventDate "2002.09.10"]
[EventType "tourn"]
[EventRounds "5"]
[EventCountry "CAN"]

1. d4 f5 2. Nc3 Nf6 3. Bg5 e6 4. e4 fxe4 5. Bxf6 Qxf6 6. Nxe4 Qg6 7. Ng3 Be7 8.
Nf3 d6 9. Bd3 Qf7 10. Qe2 Nc6 11. O-O Bd7 12. Rae1 Nb4 13. Bc4 d5 14. Ne5 Qf6
15. Bb5 c6 16. Ba4 Nxa2 17. c3 Bd6 18. Nh5 Qh6 19. Nxd7 Kxd7 20. f4 Rae8 21.
Qg4 Qg6 22. Qh3 Rhf8 23. Bb3 Nb4 24. cxb4 Bxb4 25. Re5 h6 26. f5 exf5 27. Nf4
Qf6 28. Nd3 Bd6 29. Rfxf5 1-0

[Event "Jean-Pierre-Roy mem"]
[Site "Hull CAN"]
[Date "2002.09.24"]
[Round "3"]
[White "Laurin, Jacques"]
[Black "Laurin, Marcel"]
[Result "1-0"]
[WhiteElo "1909"]
[BlackElo "1766"]
[PlyCount "75"]
[EventDate "2002.09.10"]
[EventType "tourn"]
[EventRounds "5"]
[EventCountry "CAN"]

1. c4 b6 2. Nc3 Bb7 3. e4 e5 4. Nf3 Nc6 5. a3 Bc5 6. Rb1 Nf6 7. d3 Ng4 8. d4
exd4 9. Na4 Nge5 10. Nxc5 Nxf3+ 11. Qxf3 bxc5 12. Qg3 Qe7 13. f3 O-O 14. Qxc7
Ba6 15. Bf4 Qe6 16. Rc1 Rab8 17. Rc2 Rb3 18. Qd6 Re3+ 19. Kf2 Rb3 20. Qxc5 Rc8
21. Qd5 Qxd5 22. exd5 d3 23. Bxd3 Rxd3 24. dxc6 Rxc6 25. Re1 h6 26. c5 d5 27.
Re7 Re6 28. Rxa7 Bc4 29. b4 g5 30. Bd6 h5 31. a4 h4 32. Re7 Rd1 33. Rxe6 fxe6
34. c6 Rf1+ 35. Ke3 Ba6 36. b5 Bc8 37. b6 e5 38. Bxe5 1-0